000 01015nac a22002531u 4500
010 _a 2004040272
020 _a0071402020
082 0 0 _a697
_bROS
090 _c7888
_d7888
100 _a20080729
245 0 4 _aThe HVAC handbook /
_cRobert C. Rosaler, editor-in-chief.
260 _aNew York :
_bMcGraw-Hill,2004
_cc2004.
300 _a1 v. (various pagings) :
_bill. ;
_c24 cm.
500 _aIncludes index.
500 _adistributer: Al-Ahram
511 _acatalogued by: wessam
650 0 _aHeating
_vHandbooks, manuals, etc.
650 0 _aAir conditioning
_vHandbooks, manuals, etc.
650 0 _aVentilation
_vHandbooks, manuals, etc.
700 1 _aRosaler, Robert C.
856 4 2 _3Contributor biographical information
_uhttp://www.loc.gov/catdir/bios/mh041/2004040272.html
856 4 2 _3Table of contents
_uhttp://www.loc.gov/catdir/toc/mh041/2004040272.html
942 _cTB
_k697ROS
999 _c7888
_d7888